| 000 | 00445nam a2200181Ia 4500 | ||
|---|---|---|---|
| 001 | 32643 | ||
| 003 | Ost | ||
| 005 | 20260507160502.0 | ||
| 008 | 251113s9999||||xx |||||||||||||| ||eng|| | ||
| 040 | _cnitttr | ||
| 041 | _aeng | ||
| 082 | _aTK7895.G36 | ||
| 100 | _aKoch, Dirk | ||
| 245 | 0 |
_aFPGAs for Software Programmers / _cKoch, Dirk, Hannig, Frank, Ziener, Daniel |
|
| 700 | _a Hannig, Frank | ||
| 700 | _a Ziener, Daniel | ||
| 942 | _cBK | ||
| 999 |
_c32307 _d32307 |
||